[Event "Sulzfeld op 10th"]
[Site "Sulzfeld"]
[Date "1999.??.??"]
[Round "2"]
[White "Heise, Stephan"]
[Black "Eisenbeiser, Karlheinz"]
[Result "0-1"]
[WhiteElo "1760"]
[BlackElo "2080"]

1.d4 d6 2.Nf3 g6 3.c4 Bg7 4.g3 Nf6 5.Bg2 O-O 6.O-O Nc6 7.Nc3 e5 8.d5 Ne7
9.e4 h6 10.h3 Kh7 11.Be3 Nfg8 12.Ne1 f5 13.Nd3 fxe4 14.Nxe4 Nf5 15.Qd2 Bd7
16.c5 Bb5 17.a4 Be8 18.a5 Bb5 19.c6 bxc6 20.dxc6 Nge7 21.g4 Nh4 22.Nc3 Bxc6
23.Bxc6 Nxc6 24.f4 exf4 25.Nxf4 Ne5 26.Qc2 Qd7 27.Qe2 g5 28.Nh5 Qc6 29.Rf2 Nef3+
30.Kf1 Nh2+ 31.Ke1 Bxc3+  0-1

[Event "SVK-chT 9899"]
[Site "SVK"]
[Date "1999.??.??"]
[Round "5"]
[White "Bednar, J."]
[Black "Hagarova, Zuzana"]
[Result "1/2-1/2"]
[WhiteElo "2215"]
[BlackElo "2295"]

1.d4 Nf6 2.Nf3 g6 3.c4 Bg7 4.g3 O-O 5.Bg2 d6 6.O-O Nbd7 7.Nc3 e5 8.e4 exd4
9.Nxd4 Re8 10.h3 a6 11.Re1 Rb8 12.Be3 Ne5 13.b3 c5 14.Nde2 b5 15.cxb5 axb5
16.a4 bxa4 17.f4 Ned7 18.Qxd6 axb3 19.e5 Nh5 20.Red1 Bf8 21.Qd3 b2 22.Ra2 Qb6
23.Qd2 Rd8 24.Qc2 Qb3 25.Qxb3 Rxb3 26.Bd5 Rb4 27.Ra7 Ng7 28.Bc6 Ne6 29.Bxd7 Rxd7
30.Raxd7 Bxd7 31.Rxd7 b1=Q+ 32.Nxb1 Rxb1+ 33.Kf2 Rb3 34.g4 c4 35.f5 Nc5 36.Rc7 Ne4+
37.Kf3 Ng5+ 38.Kf4 Nxh3+ 39.Ke4 gxf5+ 40.gxf5 Rb2 41.Nc3 Nf2+ 42.Kd4 Ng4
43.Bf4 h5 44.Bg5 Bh6 45.Ne4 Bxg5 46.Nxg5 Rd2+ 47.Ke4 Re2+ 48.Kf4 Nxe5 49.f6 Ng6+
50.Kf3 Re8 51.Nxf7 Ne5+ 52.Nxe5 Rxe5 53.Rxc4 Kf7 54.Rf4 Re6 55.Kg3 Rxf6 56.Rxf6+ Kxf6
57.Kh4  1/2-1/2

[Event "SVK-chT 9899"]
[Site "SVK"]
[Date "1999.??.??"]
[Round "6"]
[White "Vavrak, Peter"]
[Black "Balogh, Tomas"]
[Result "1/2-1/2"]
[WhiteElo "2235"]
[BlackElo "2435"]

1.d4 Nf6 2.Nf3 g6 3.c4 Bg7 4.g3 d6 5.Bg2 O-O 6.O-O Nc6 7.d5 Na5 8.Nfd2 c5
9.Nc3 Rb8 10.Rb1 a6 11.a3 Qc7 12.Qc2 Bd7 13.e4 b5 14.cxb5 axb5 15.b4 cxb4
16.axb4 Rfc8 17.bxa5 b4 18.Nb3 bxc3 19.Be3 Ba4 20.Bb6 Rxb6 21.axb6 Qxb6 22.Qa2 c2
23.Qxa4 cxb1=Q 24.Rxb1 Ng4 25.Qa2 Bd4 26.Nxd4 Qxd4 27.h3 Nf6 28.Qb2 Rc3 29.Qb6 Rc1+
30.Kh2 Qxb6 31.Rxb6 Rc4 32.f3 Rc7  1/2-1/2

[Event "SVK-chT1E 9899"]
[Site "SVK"]
[Date "1999.??.??"]
[Round "8"]
[White "Tibensky, Robert"]
[Black "Manik, Mikulas"]
[Result "1/2-1/2"]
[WhiteElo "2435"]
[BlackElo "2460"]

1.d4 Nf6 2.c4 g6 3.Nf3 Bg7 4.g3 O-O 5.Bg2 d6 6.O-O Nc6 7.Nc3 a6 8.h3 Rb8
9.Be3 b5 10.Nd2 Na5 11.cxb5 axb5 12.b4 Nc4 13.Nxc4 bxc4 14.b5 Bb7 15.Bxb7 Rxb7
16.a4 Qd7 17.Kh2 d5 18.a5 Ne4 19.Nxe4 dxe4 20.a6 Rxb5 21.a7 Ra8 22.Qa4 c6
23.Qxc4 h5 24.Rfc1 Rb7 25.Qxc6  1/2-1/2

[Event "SWE-chT 9899"]
[Site "Sweden"]
[Date "1999.??.??"]
[Round "6"]
[White "Malmstig, Erik"]
[Black "Jansson, Anders O"]
[Result "1-0"]
[WhiteElo "2305"]
[BlackElo "2145"]

1.d4 Nf6 2.c4 g6 3.Nf3 Bg7 4.g3 O-O 5.Bg2 d6 6.O-O Nbd7 7.Nc3 e5 8.h3 Re8
9.Be3 c6 10.Rc1 Qe7 11.d5 c5 12.a3 Nh5 13.Nb5 Nf8 14.b4 b6 15.Nd2 f5 16.bxc5 bxc5
17.Bxc5 dxc5 18.d6 Qg5 19.Bxa8 e4 20.Kh2 Be5 21.Rg1 Nf4 22.e3 Nd3 23.Nf3 Qh6
24.Nxe5 Rxe5 25.f4 Nf2 26.Qf1 Ng4+ 27.Kh1 Nxe3 28.Qe2 Qxh3+ 29.Qh2 Qxh2+
30.Kxh2 Re8 31.Rge1 Ng4+ 32.Kg1 Rd8 33.Rcd1 Bd7 34.Bd5+ Kg7 35.a4 a5 36.Rb1 Be8
37.Nc7 Bxa4 38.Rb7 Kh6 39.Kg2 Nf6 40.Rh1+ Nh5 41.Ra1 Bc2 42.Rxa5 Rxd6 43.Ra8 Nd7
44.Nb5 Rxd5 45.cxd5 Ndf6 46.Nd6 Ng7 47.Raa7  1-0

[Event "SWE-chT 9899"]
[Site "Sweden"]
[Date "1999.??.??"]
[Round "8"]
[White "Bator, Robert"]
[Black "Eriksson, Robert"]
[Result "1-0"]
[WhiteElo "2480"]
[BlackElo "2178"]

1.d4 Nf6 2.Nf3 g6 3.g3 Bg7 4.Bg2 O-O 5.c4 d6 6.O-O Nc6 7.Nc3 a6 8.b3 Bf5
9.d5 Ne4 10.Nxe4 Bxe4 11.dxc6 Bxa1 12.Bh6 Bf6 13.Bxf8 Qxf8 14.cxb7 Bxb7 15.Qd3 Qc8
16.Rd1 c5 17.Nd2 Bxg2 18.Kxg2 Qb7+ 19.Ne4 Rb8 20.f3 Bg7 21.Nc3 Bxc3 22.Qxc3 Qb4
23.Qe3 Rb7 24.h4 a5 25.h5 a4 26.Rd3 Qa3 27.Qe4 Qxa2 28.Kf2 Rb8 29.Qxe7 axb3
30.h6 Qa1 31.Rxd6 Qa5 32.Qf6 Kf8  1-0

[Event "RUS-ch sf"]
[Site "Ufa"]
[Date "1999.??.??"]
[Round "3"]
[White "Yashtylov, Anatolij"]
[Black "Yarovik, Yuri"]
[Result "1/2-1/2"]
[WhiteElo "2337"]
[BlackElo "2415"]

1.d4 Nf6 2.c4 g6 3.Nf3 Bg7 4.g3 O-O 5.Bg2 d6 6.O-O Nbd7 7.Nc3 e5 8.h3 c6
9.e4 Qa5 10.Bd2 exd4 11.Nb5 Qb6 12.Nxd6 Nc5 13.e5 Nfd7 14.b4 Ne6 15.c5 Qc7
16.Bf4 a5 17.a3 axb4 18.axb4 Rxa1 19.Qxa1 g5 20.Nxg5 Nxe5 21.Qb1 Nxg5 22.Bxg5 Bxh3
23.Bxh3 Nf3+ 24.Kg2 Nxg5 25.Bf5 h6 26.f4 Ne6 27.Qe4 Kh8 28.Rh1 Qe7 29.Bg4 Qf6
30.Rh5 Nc7 31.Bc8 Nd5 32.Bxb7 Nxb4 33.Rf5 Qg6 34.Bxc6 Nxc6 35.Qxc6 Kh7 36.Qd5 Rb8
37.Rxf7 d3 38.Rb7 Rxb7 39.Qxb7 d2 40.Qb3 Bf8 41.Kf2 Bxd6 42.cxd6 Qxd6 43.Ke2 h5
44.Qc2+ Qg6 45.Qc7+ Kg8 46.Qb8+ Kh7  1/2-1/2

[Event "Valles Tancat 3th"]
[Site "Valles Tancat"]
[Date "1999.??.??"]
[Round "?"]
[White "Hernando Rodrigo, Julio Ant"]
[Black "Baches Garcia, Guillermo"]
[Result "1/2-1/2"]
[WhiteElo "2265"]
[BlackElo "2285"]

1.d4 Nf6 2.c4 g6 3.Nf3 Bg7 4.g3 O-O 5.Bg2 d6 6.O-O Nbd7 7.Nc3 e5 8.h3 a6
9.Qc2 Rb8 10.Rd1 exd4 11.Nxd4 Re8 12.Nb3 Qe7 13.Bg5 h6 14.Nd5 Qd8 15.Be3 Nxd5
16.cxd5 Rxe3 17.fxe3 Be5 18.Rf1 Bxg3 19.Rf3 Bh4 20.Raf1 Nf6 21.Qc4 Ne8 22.Rxf7 Bf6
23.R1xf6 Nxf6 24.Qxc7 Qxc7 25.Rxc7 Ne8 26.Re7 Kf8 27.Rh7 h5 28.Na5 Kg8 29.Re7 Kf8
30.Re4 Bd7 31.Kh2 Rc8 32.Rf4+ Ke7 33.Re4+ Kf8 34.Rb4 b5 35.Nc6 Bxc6 36.dxc6 Nc7
37.Kg3 Ke7 38.Re4+ Kf6 39.Rf4+ Ke5 40.Re4+ Kf6 41.h4 d5 42.Rf4+ Ke5 43.Bh3 Ne6
44.Rf7 Rxc6 45.Re7 Kf6 46.Rxe6+ Rxe6 47.Bxe6 Kxe6 48.Kf4 Kf6 49.b4 g5+ 50.hxg5+ Kg6
51.a3 h4 52.Kg4 h3 53.Kxh3 Kxg5 54.Kg3 Kf5 55.Kg2 Ke4 56.Kf2 Kf5 57.Ke1 Ke4
58.Kd2 Kf5  1/2-1/2

[Event "Vantaa op3"]
[Site "Vantaa"]
[Date "1999.??.??"]
[Round "6"]
[White "Haapasalo, Jukka Pekka"]
[Black "Pirttimaki, Timo"]
[Result "0-1"]
[WhiteElo "2249"]
[BlackElo "2247"]

1.Nf3 g6 2.c4 Bg7 3.g3 d6 4.d4 Nf6 5.Bg2 O-O 6.O-O Nbd7 7.Nc3 e5 8.e4 c6
9.b3 exd4 10.Nxd4 Re8 11.h3 Nc5 12.Re1 a5 13.Bf4 Nh5 14.Be3 Nf6 15.Bf4 Bf8
16.Qc2 Qb6 17.Rab1 Nfd7 18.Be3 Qc7 19.f4 Nf6 20.Bf2 Bd7 21.Re2 Re7 22.Rbe1 Rae8
23.Qd2 h5 24.a3 Bc8 25.b4 axb4 26.axb4 Ncd7 27.Nb3 Re6 28.c5 dxc5 29.bxc5 Rd8
30.Qc2 h4 31.e5 hxg3 32.Be3 Nh5 33.Ne4 Bh6 34.Rf1 b6 35.Nd4 Ree8 36.Nxc6 Ba6
37.cxb6 Nxb6 38.Nxd8 Qxc2 39.Rxc2 Nd5 40.Nd6 Nxe3 41.N8xf7 Bxf4 42.Rxf4 Nxf4
43.Rc7 Rb8 44.Nh6+ Kh8 45.Nhf7+ Kg7 46.Ng5+ Kg8  0-1

[Event "LTU-ch"]
[Site "Vilnius"]
[Date "1999.??.??"]
[Round "?"]
[White "Butnorius, Algimantas"]
[Black "Piesina, Gintautas"]
[Result "1-0"]
[WhiteElo "2445"]
[BlackElo "2405"]

1.d4 Nf6 2.Nf3 g6 3.c4 Bg7 4.g3 O-O 5.Bg2 d6 6.O-O c5 7.Nc3 Nc6 8.d5 Na5
9.Nd2 e6 10.Rb1 exd5 11.cxd5 Re8 12.b3 Rb8 13.b4 cxb4 14.Rxb4 Bd7 15.Bb2 b5
16.Qa1 Nc4 17.Nxc4 bxc4 18.Rxb8 Qxb8 19.Ne4 Nxe4 20.Bxg7 f6 21.Bh6 Kf7 22.Be3 Qb5
23.Qd4 Nc5 24.Qf4 Re5 25.Bd4 g5 26.Qf3 Rf5 27.Qc3 Na4 28.Qc2 Nb6 29.Rb1 Qa4
30.Qxa4 Bxa4 31.e4 Re5 32.Bxe5 dxe5 33.Rc1 Ke7 34.Bf1 Bb5 35.a4 Bxa4 36.Bxc4 Kd6
37.Ba2 a5 38.f3 Bd7 39.Kf2 Na4 40.Ke3 Nc5 41.g4 h6 42.Bc4 a4 43.Kd2 Kc7 44.Bb5  1-0

[Event "LTU-ch"]
[Site "Vilnius"]
[Date "1999.??.??"]
[Round "?"]
[White "Piesina, Gintautas"]
[Black "Grigutavicius, Dainius"]
[Result "1-0"]
[WhiteElo "2405"]
[BlackElo "2162"]

1.d4 Nf6 2.Nf3 g6 3.g3 Bg7 4.Bg2 O-O 5.c4 d6 6.O-O Nc6 7.d5 Na5 8.Nfd2 c6
9.a3 cxd5 10.cxd5 e6 11.Nc3 exd5 12.Nxd5 Be6 13.Nf4 Qd7 14.Nxe6 Qxe6 15.Qa4 Nc6
16.e3 d5 17.Nb3 b6 18.Rd1 Ne4 19.Rb1 Rac8 20.Bd2 Nxd2 21.Rxd2 Ne7 22.Qxa7 Be5
23.Qa6 Rc4 24.Bxd5 Qf5 25.e4 Rxe4 26.Bxe4 Qxe4 27.Qd3 Qg4 28.Re1 Bf6 29.Re4 Qh3
30.Qd6  1-0

[Event "JUG-chT"]
[Site "Vrnjacka Banja"]
[Date "1999.??.??"]
[Round "8"]
[White "Blagojevic, Dragisa"]
[Black "Bakic, Rados"]
[Result "1/2-1/2"]
[WhiteElo "2446"]
[BlackElo "2414"]

1.d4 Nf6 2.c4 g6 3.Nf3 Bg7 4.g3 O-O 5.Bg2 d6 6.O-O c5 7.dxc5 dxc5 8.Ne5 Nfd7
9.Nxd7 Qxd7 10.Nc3 Nc6 11.Qd5 Qxd5 12.cxd5 Nd4 13.Bg5 Re8 14.e3 Nf5 15.Nb5 Bxb2
16.Rab1 Be5 17.Bf4 Bxf4 18.gxf4 Rd8 19.Nc7 Rb8 20.Na6 Ra8 21.Nc7 Rb8 22.Na6 Ra8
23.Nxc5 b6 24.d6 Rb8 25.dxe7 Nxe7 26.Nb3 Bf5 27.Rbc1 Rbc8 28.Nd4 Rxc1 29.Rxc1 Rc8
30.Rd1 Bg4 31.Bf3 Bh3 32.Bg2 Bd7 33.Bf1 Ba4 34.Rd2 Rd8 35.Rb2 Rc8 36.Kg2 Rc5
37.Bd3  1/2-1/2

[Event "JUG-chT"]
[Site "Vrnjacka Banja"]
[Date "1999.??.??"]
[Round "9"]
[White "Abramovic, Bosko"]
[Black "Todorcevic, Miodrag"]
[Result "0-1"]
[WhiteElo "2505"]
[BlackElo "2458"]

1.d4 g6 2.g3 Bg7 3.Bg2 d6 4.Nf3 Nf6 5.c4 O-O 6.Nc3 Nbd7 7.O-O e5 8.e4 exd4
9.Nxd4 Re8 10.h3 c6 11.Re1 a5 12.b3 Nc5 13.Rb1 Nfd7 14.Be3 Ne5 15.Re2 a4
16.Rd2 axb3 17.axb3 Qe7 18.f4 Ned7 19.Bf2 h5 20.b4 Ne6 21.Nde2 h4 22.Rxd6 hxg3
23.Bxg3 Nb6 24.c5 Nc4 25.Rd3 g5 26.f5 Nf8 27.Qb3 Ne5 28.Rdd1 Nfd7 29.Nd4 g4
30.hxg4 Nxg4 31.Nf3 Nxc5 32.bxc5 Qxc5+ 33.Kh1 Qxc3 34.e5 Qxb3 35.Rxb3 Bxf5
36.Rxb7 Ne3 37.Re1 Nxg2 38.Kxg2 Ra2+ 39.Kg1 Ra3 40.Kg2 Rd8 41.Bh4 Rdd3 42.Ng5 Ra2+
43.Kg1 Rd4 44.Rb8+ Bf8 45.Nf3 Rg4+ 46.Kh1 Be4 47.Rxe4 Rxe4 48.Be7 Rf4  0-1

[Event "Wisla Hugart op (Women)"]
[Site "Warsaw"]
[Date "1999.??.??"]
[Round "?"]
[White "Shumiakina, Tatiana"]
[Black "Reizniece, Dana"]
[Result "0-1"]
[WhiteElo "2407"]
[BlackElo "2270"]

1.d4 Nf6 2.c4 g6 3.Nf3 Bg7 4.g3 O-O 5.Bg2 d6 6.O-O Nc6 7.d5 Na5 8.Nfd2 c6
9.a3 cxd5 10.cxd5 e6 11.dxe6 fxe6 12.Nc3 Nc6 13.Nf3 d5 14.Bg5 h6 15.Be3 e5
16.Qb3 Kh7 17.Bc5 Re8 18.Rad1 Na5 19.Qc2 Bf5 20.e4 Nxe4 21.Rxd5 Nxc5 22.Qd1 Qc8
23.b4 Ne6 24.Nb5 Nc4 25.Nh4 a6 26.g4 axb5 27.gxf5 Nf4 28.Be4 Nxd5 29.Qg4 Nf6
30.Qxg6+ Kg8 31.Kh1 Nxe4 32.f6 Nxf6 33.Nf5 Qxf5 34.Qxf5 Re7 35.Rg1 Kf8 36.Rg6 Kf7
37.Rg3 Rxa3 38.Qc8 Rxg3 39.hxg3 Nd6 40.Qc5 Ke6 41.Kg2 Nd5 42.Qc2 e4 43.Qa2 Rf7
44.Qd2 Rf3 45.Kh3 Nf5 46.Qe2  0-1

[Event "Zaragoza op 11th"]
[Site "Zaragoza"]
[Date "1999.??.??"]
[Round "5"]
[White "Garza Marco, Sergio"]
[Black "Mowsziszian, Karen"]
[Result "0-1"]
[WhiteElo "2255"]
[BlackElo "2500"]

1.d4 g6 2.Nf3 Bg7 3.g3 Nf6 4.Bg2 O-O 5.c4 d6 6.b3 Nbd7 7.Bb2 e5 8.dxe5 dxe5
9.Nc3 Re8 10.O-O e4 11.Ne1 h5 12.Qd4 Ng4 13.Qd2 e3 14.fxe3 Nxe3 15.Rxf7 Kxf7
16.Bd5+ Kf8 17.Ng2 Nxd5 18.Qxd5 Bf6 19.Rf1 c6 20.Qd3 Kg7 21.Nh4 Ne5 22.Qc2 Bxh4
23.gxh4 Qxh4 24.Ne4 Bf5 25.Rxf5 gxf5 26.Nd6 Qg4+  0-1

[Event "ch-AUS"]
[Site "Mingara NSW AUS"]
[Date "2000.01.02"]
[Round "5"]
[White "Booth,Stew"]
[Black "Ilic,I"]
[Result "1/2-1/2"]
[WhiteElo "2190"]
[BlackElo "2130"]

1.d4 d6 2.c4 Nf6 3.Nf3 g6 4.g3 Bg7 5.Bg2 O-O 6.O-O Nc6 7.Nc3 Bf5 8.Nh4 Bd7
9.e4 e5 10.d5 Ne7 11.h3 h6 12.Be3 b6 13.Qc2 Kh7 14.Nf3 Qc8 15.Kh2 Nh5 16.Nd2 f5
17.exf5 gxf5 18.f4 exf4 19.gxf4 Ng6 20.Rae1 Qd8 21.Rf3 Nh4 22.Rf2 a6 23.Nf3 Qf6
24.Rg1 Rae8 25.Qd2 Qe7 26.Nd1 Bf6 27.Bf1 Nxf3+ 28.Rxf3 Rg8 29.Bd3 Rxg1 30.Bxg1 Bh4
31.Ne3 Ng7 32.Qc2 Qf7 33.Ng2 Bf6 34.Bf2 Rg8 35.Ne3 Bd8 36.Be1 Rf8 37.Bc3 Nh5
38.Rf1 Ng7 39.Rg1 Ne8 40.Bd4 Bh4 41.b4 a5 42.a3 axb4 43.axb4 Qh5 44.Qg2 Qf7
45.Qc2 Qh5 46.Rg4 Bf6 47.Bxf5+ Bxf5 48.Qxf5+ Qxf5 49.Nxf5 h5  1/2-1/2

[Event "VII Anibal Open"]
[Site "Linares ESP"]
[Date "2000.01.13"]
[Round "7"]
[White "Maherramzade,J"]
[Black "Karatorossian,D"]
[Result "1/2-1/2"]
[WhiteElo "2422"]
[BlackElo "2342"]

1.d4 Nf6 2.Nf3 g6 3.c4 Bg7 4.g3 O-O 5.Bg2 d6 6.Nc3 c6 7.O-O Qa5 8.h3 Qa6
9.b3 b5 10.cxb5 cxb5 11.Bd2 Bb7 12.e3 Nbd7 13.Re1 Ne4 14.a4  1/2-1/2

[Event "V Ubeda Open"]
[Site "Ubeda ESP"]
[Date "2000.01.19"]
[Round "1"]
[White "Rubio Mancebon,P"]
[Black "Arizmendi Martinez,J"]
[Result "0-1"]
[WhiteElo "2005"]
[BlackElo "2445"]

1.d4 d6 2.Nf3 Nf6 3.c4 g6 4.g3 Bg7 5.Bg2 O-O 6.O-O Nbd7 7.Nc3 e5 8.e4 exd4
9.Nxd4 Re8 10.Rb1 a6 11.h4 Rb8 12.Re1 c5 13.Nc2 b5 14.cxb5 axb5 15.b4 Qc7
16.bxc5 Qxc5 17.Nd5 Nxd5 18.exd5 Rxe1+ 19.Nxe1 Ne5 20.Be3 Qa3 21.Bd4 Qxa2
22.Ra1 Qc4 23.Rc1 Qa4 24.Qd2 Nc4 25.Qc3 Bxd4 26.Qxd4 Ra8 27.Nf3 Ne5 28.Qe3 Nxf3+
29.Qxf3 Qd4 30.Rc7 Bf5 31.Qe2 b4 32.Qe7 Rf8 33.Qxd6 b3  0-1

[Event "Corus Reserve Group"]
[Site "Wijk aan Zee NED"]
[Date "2000.01.25"]
[Round "5"]
[White "Kiseleva,N"]
[Black "Afek,Y"]
[Result "0-1"]
[WhiteElo "2285"]
[BlackElo "2349"]

1.d4 Nf6 2.c4 g6 3.Nf3 Bg7 4.g3 O-O 5.Bg2 d6 6.O-O c5 7.Nc3 Nc6 8.d5 Na5
9.Nd2 Rb8 10.Rb1 e6 11.dxe6 Bxe6 12.Nd5 Nxd5 13.cxd5 Bf5 14.e4 Bd7 15.Nf3 Re8
16.Re1 Nc4 17.b3 Ne5 18.Nxe5 Bxe5 19.Bb2 Bxb2 20.Rxb2 b5 21.Rc2 Rc8 22.f4 Qb6
23.h3 c4+ 24.Kh2 c3 25.e5 dxe5 26.fxe5 Bf5 27.Rc1 b4 28.e6 Qd6 29.exf7+ Kxf7
30.Rf1 Re3 31.Rf3 Rxf3 32.Bxf3 Qe5 33.Kg2 Rd8 34.a4 Be4 35.Qe2 Bxf3+ 36.Qxf3+ Kg7
37.Rd1 c2 38.Rc1 Rc8 39.d6 Qxd6 40.Qb7+  0-1

[Event "Corus Reserve Group"]
[Site "Wijk aan Zee NED"]
[Date "2000.01.26"]
[Round "6"]
[White "Bosboom,M"]
[Black "Visser,Y"]
[Result "1/2-1/2"]
[WhiteElo "2461"]
[BlackElo "2406"]

1.d4 Nf6 2.c4 g6 3.Nf3 Bg7 4.g3 O-O 5.Bg2 d6 6.O-O Nbd7 7.Nc3 e5 8.e4 Re8
9.Rb1 exd4 10.Nxd4 a6 11.b3 Nc5 12.Re1 Ng4 13.Bb2 Ne5 14.Re3 c6 15.h3 a5
16.f4 Ned7 17.Nc2 Nb6  1/2-1/2

[Event "Caissa Open"]
[Site "Kharkov UKR"]
[Date "2000.01.28"]
[Round "3"]
[White "Ustianovich,N"]
[Black "Aniskovitch,A"]
[Result "1-0"]
[WhiteElo "2258"]
[BlackElo "2111"]

1.d4 Nf6 2.Nf3 g6 3.c4 Bg7 4.g3 d6 5.Bg2 O-O 6.O-O Nbd7 7.Nc3 c6 8.e4 e5
9.h3 exd4 10.Nxd4 Nc5 11.Re1 a5 12.b3 Re8 13.Rb1 Nfd7 14.Be3 Nf6 15.Qc2 Qe7
16.Rbd1 Qf8 17.Re2 Bd7 18.Kh2 Rad8 19.Ree1 Bh6 20.f4 Bg7 21.Nde2 Bh8 22.Bxc5 dxc5
23.e5 Bf5 24.Qc1 Nd7 25.g4 Be6 26.Ne4 Re7 27.g5 h6 28.Nf6+ Bxf6 29.gxf6 Ree8
30.Be4 h5 31.f5 Nxe5 32.fxe6 Rxe6 33.Qg5 Red6 34.Nc3 Rxd1 35.Rxd1 Rxd1 36.Nxd1 Qd6
37.Kg2 Qd4 38.Nf2 Nd7 39.Bxg6 Qxf6 40.Qxf6 Nxf6 41.Bf5  1-0

[Event "Caissa Open"]
[Site "Kharkov UKR"]
[Date "2000.01.28"]
[Round "3"]
[White "Borovikov,V"]
[Black "Matjushin,G"]
[Result "1-0"]
[WhiteElo "2472"]
[BlackElo "2275"]

1.d4 Nf6 2.Nf3 g6 3.c4 Bg7 4.g3 O-O 5.Bg2 d6 6.O-O Nbd7 7.Nc3 e5 8.e4 h6
9.h3 Nh7 10.Be3 Ng5 11.Nxg5 hxg5 12.Rc1 exd4 13.Bxd4 Ne5 14.b3 c5 15.Be3 g4
16.hxg4 Bxg4 17.f3 Be6 18.Ne2 Qe7 19.Qd2 a6 20.Bg5 Qd7 21.Bh6 Bxh6 22.Qxh6 b5
23.Nf4 bxc4 24.Kf2 f6 25.Nxg6 Nxg6 26.Qxg6+ Qg7 27.Qxg7+ Kxg7 28.bxc4 Rab8
29.Rc2 Rb4 30.Rd1 Rxc4 31.Rxc4 Bxc4 32.Rxd6 Rb8 33.Rd2 Rb4 34.Rc2 Bd3 35.Rxc5 Rb2+
36.Ke3 Rxa2 37.Kxd3 Rxg2 38.g4 Ra2 39.Ke3 Ra3+ 40.Kf4 a5 41.e5 fxe5+ 42.Rxe5 a4
43.Ra5 Kf7 44.Ra6 Ra1 45.Kg5 a3 46.f4  1-0

[Event "5th It"]
[Site "Montecatini Terme ITA"]
[Date "2000.01.29"]
[Round "1"]
[White "Beggi,P"]
[Black "Aldrovandi,C"]
[Result "0-1"]
[WhiteElo "2149"]
[BlackElo "2328"]

1.d4 Nf6 2.Nf3 g6 3.c4 Bg7 4.g3 O-O 5.Bg2 d6 6.O-O c5 7.dxc5 dxc5 8.Qxd8 Rxd8
9.Ne5 Ne8 10.Nd3 Nd6 11.Na3 Nc6 12.Bxc6 bxc6 13.Rb1 Be6 14.Nxc5 Bh3 15.Re1 h6
16.e4 Rab8 17.Bf4 Rxb2 18.Rbd1 Rxa2 19.Nb1 g5 20.Bxg5 hxg5 21.e5 Rc2 22.exd6 Rxd6
23.Rc1 Rxc1 24.Rxc1 f5 25.Re1 Kf7 26.Nb7 Rd4 27.c5 Rd5 28.Na3 Bc3 29.Rb1 f4
30.Nc4 Kf6 31.Rc1 f3 32.Nca5 Bd2 33.Rb1 Bxa5 34.Nxa5 Rxc5  0-1

[Event "5th HIT Open"]
[Site "Nova Gorica SLO"]
[Date "2000.02.02"]
[Round "2"]
[White "Atalik,S"]
[Black "Borisek,J"]
[Result "1-0"]
[WhiteElo "2575"]
[BlackElo "2099"]

1.d4 Nf6 2.c4 g6 3.Nf3 Bg7 4.g3 O-O 5.Bg2 d6 6.O-O Nc6 7.d5 Na5 8.Nbd2 c5
9.e4 e6 10.Rb1 exd5 11.cxd5 b5 12.Re1 Rb8 13.b3 b4 14.Bf1 Re8 15.Bb2 Ng4
16.Qc2 f5 17.Bxg7 Kxg7 18.exf5 Bxf5 19.Rxe8 Bxc2 20.Rxd8 Rxd8 21.Re1 Rd7
22.Rc1 Bf5 23.h3 Ne5 24.Nxe5 dxe5 25.g4 Rxd5 26.Nc4 Nxc4 27.Bxc4  1-0

[Event "Extraliga CZE"]
[Site "Ostrava CZE"]
[Date "2000.02.05"]
[Round "8"]
[White "Dydyshko,V"]
[Black "Antoniewski,R"]
[Result "1-0"]
[WhiteElo "2521"]
[BlackElo "2417"]

1.d4 Nf6 2.c4 g6 3.g3 Bg7 4.Bg2 O-O 5.Nf3 d6 6.O-O Nc6 7.d5 Na5 8.Nbd2 c5
9.Ne1 b5 10.cxb5 Rb8 11.Nc2 Rxb5 12.Rb1 e6 13.b4 cxb4 14.dxe6 fxe6 15.Rxb4 Nd5
16.Bxd5 Rxd5 17.Ne3 Rh5 18.Bb2 Bxb2 19.Rxb2 Nc6 20.Nf3 d5 21.Rd2 Qa5 22.Nd4 Ne7
23.f4 e5 24.fxe5 Rxf1+ 25.Nxf1 Rxe5 26.Qb3 Qc7 27.Rc2 Qd6 28.Nd2 Bg4 29.N2f3 Re4
30.Qb7 Bxf3 31.Nxf3 Qb6+ 32.Qxb6 axb6 33.Kf2 h6 34.Rb2 Ra4 35.Ne5 Kg7 36.Rxb6 Rxa2
37.Rb7 Kf6 38.Ng4+ Ke6 39.Rb6+ Kd7 40.Ne5+  1-0

[Event "Goodricke Open"]
[Site "Calcutta IND"]
[Date "2000.02.07"]
[Round "2"]
[White "Shantharam,K"]
[Black "Koshy,V"]
[Result "0-1"]
[WhiteElo "2198"]
[BlackElo "2346"]

1.Nf3 d6 2.d4 g6 3.g3 Bg7 4.Bg2 Nf6 5.c4 O-O 6.O-O c6 7.Nc3 Qa5 8.e4 Qh5
9.h4 Qa5 10.Nd2 e5 11.d5 Na6 12.Nb3 Qc7 13.Bg5 h6 14.Bxf6 Bxf6 15.Rc1 c5
16.Kh2 Qe7 17.Bh3 Bg7 18.Bxc8 Raxc8 19.Nd2 Nc7 20.Kg2 a6 21.Rb1 Ne8 22.Qe2 h5
23.Rfe1 Bh6 24.Nf1 Ng7 25.Nh2 Qd7 26.Nf3 Qd8 27.Ng1 f5 28.exf5 gxf5 29.Rf1 Rc7
30.Rbe1 Rcf7 31.f4 exf4 32.gxf4  0-1

[Event "Petroff Mem Open"]
[Site "St Petersburg RUS"]
[Date "2000.02.09"]
[Round "3"]
[White "Chetverik,M"]
[Black "Zhukov,V"]
[Result "1-0"]
[WhiteElo "2314"]
[BlackElo "2239"]

1.d4 Nf6 2.c4 g6 3.Nf3 Bg7 4.g3 O-O 5.Bg2 d6 6.O-O Nbd7 7.Nc3 e5 8.h3 Re8
9.Be3 c6 10.Qb3 Qa5 11.dxe5 dxe5 12.a3 Qc7 13.Rac1 b6 14.Rfd1 Bb7 15.Ng5 Bf8
16.Qa2 a5 17.Nge4 Kg7 18.Qb1 Nh5 19.Qd3 Red8 20.Qc2 f5 21.Ng5 Re8 22.g4 fxg4
23.hxg4 Nf4 24.Bf3 Nc5 25.Bxc5 Bxc5 26.e3 Ne6 27.Nxe6+ Rxe6 28.g5 Rf8 29.Bg4 Re7
30.Ne4 Bc8 31.Qe2 Ref7 32.Kg2 Be7 33.Rh1 Bf5 34.Bxf5 Rxf5 35.Qg4 Kg8 36.Rcd1 Qc8
37.Qh3 R8f7 38.Rd2 Bxg5 39.Ng3 Qe6 40.Nxf5 gxf5 41.Rc1 Qg6 42.Kh2 f4 43.Rg1 h6
44.e4 f3 45.Kh1 Kg7 46.Rd8 Qf6 47.Rd7 Qf4 48.Rxf7+ Kxf7 49.Re1 Qf6 50.Qg4 Qf4
51.Qh5+ Ke7 52.Re3 Kd6 53.b4 axb4 54.axb4 Ke7 55.Kg1 Kd6 56.Rxf3  1-0

[Event "Petroff Mem Open"]
[Site "St Petersburg RUS"]
[Date "2000.02.09"]
[Round "3"]
[White "Loginov,Va"]
[Black "Kalashnikov,K"]
[Result "1/2-1/2"]
[WhiteElo "2512"]
[BlackElo "2403"]

1.Nf3 Nf6 2.g3 g6 3.c4 Bg7 4.d4 O-O 5.Bg2 d6 6.O-O Nbd7 7.Qc2 e5 8.Rd1 Re8
9.dxe5 dxe5 10.e4 Qe7 11.h3 a5 12.Nc3 c6 13.Be3 Nc5 14.Bxc5 Qxc5 15.Na4 Qe7
16.c5 Be6 17.Nxe5 Bxh3 18.Nxc6 bxc6 19.Bxh3 Rab8 20.Nb6 Nxe4 21.Bd7 Red8
22.Bxc6 Qxc5 23.Bxe4 Qxb6 24.Rxd8+ Rxd8 25.Rb1 h5 26.b3 Bd4 27.Kg2 Rd6 28.Re1 Kg7
29.Bf3 Qd8 30.Re4 Bf6 31.Qc4 Rd2 32.Re2 Rd4 33.Qc6 Rd6 34.Qa8 Qb6 35.Bd5 Rd8  1/2-1/2

[Event "Petroff Mem Open"]
[Site "St Petersburg RUS"]
[Date "2000.02.10"]
[Round "4"]
[White "Kochyev,A"]
[Black "Kryschilovskij,A"]
[Result "1-0"]
[WhiteElo "2429"]
[BlackElo "2296"]

1.Nf3 Nf6 2.c4 g6 3.d4 Bg7 4.g3 O-O 5.Bg2 d6 6.O-O Nc6 7.d5 Na5 8.Nbd2 c5
9.Ne1 b5 10.cxb5 a6 11.bxa6 Bxa6 12.Nc2 Ra7 13.b3 Qa8 14.Bb2 Bb7 15.e4 e6
16.Qf3 Qd8 17.b4 cxb4 18.Bd4 Ra8 19.Nxb4 exd5 20.exd5 Nxd5 21.Bxg7 Nxb4 22.Qc3 Rc8
23.Qxb4 Bxg2 24.Bxf8 Bxf1 25.Bh6 Ba6 26.Qd4 f6 27.Qd5+  1-0

[Event "Petroff Mem Open"]
[Site "St Petersburg RUS"]
[Date "2000.02.12"]
[Round "5"]
[White "Bratchenko,A"]
[Black "Vorobiov,E"]
[Result "0-1"]
[WhiteElo "2400"]
[BlackElo "2500"]

1.d4 Nf6 2.c4 g6 3.Nf3 Bg7 4.g3 O-O 5.Bg2 d6 6.O-O Nbd7 7.Nc3 e5 8.h3 exd4
9.Nxd4 Nb6 10.b3 c5 11.Nc2 Be6 12.e4 Qd7 13.Kh2 Ng4+ 14.hxg4 Bxc3 15.g5 h6
16.gxh6 Bxa1 17.Nxa1 f5 18.Bf4 Rad8 19.f3 Nc8 20.Nc2 Qf7 21.Bg5 Rd7 22.Ne3 Ne7
23.Kg1 a6 24.Qd3 Rb8 25.Nd5 Bxd5 26.exd5 Re8 27.f4 Kh7 28.Qc3 Ng8 29.Kf2 b5
30.Bf3 bxc4 31.bxc4 Rb7 32.g4 Rf8 33.Re1 Re8 34.gxf5 Rxe1 35.fxg6+ Qxg6 36.Qxe1 Nxh6
37.Be4 Nf5 38.Qh1+ Kg8 39.Qh3 Rf7 40.Ke1 Qh7 41.Qg4 Kf8 42.a4 a5 43.Qg2 Qh8
44.Bxf5 Qc3+ 45.Qd2 Qxd2+ 46.Kxd2 Rxf5 47.Kd3 Rf7 48.Bd8 Ra7 49.f5 Ke8 50.Bg5 Rb7
51.f6 Rb3+ 52.Ke4 Rb4 53.Kf5 Kf7 54.Bf4 Rxa4 55.Bxd6 Rxc4 56.Be5 Rc1  0-1

[Event "FSIMA February"]
[Site "Budapest HUN"]
[Date "2000.02.13"]
[Round "9"]
[White "Froehlich,P"]
[Black "Gara,A"]
[Result "1/2-1/2"]
[WhiteElo "2375"]
[BlackElo "2257"]

1.d4 Nf6 2.Nf3 g6 3.c4 Bg7 4.g3 O-O 5.Bg2 d6 6.O-O c6 7.Nc3 Qb6 8.b3 e5 9.Bb2 Re8
10.dxe5 dxe5 11.Ng5 Na6 12.Nge4 Nxe4 13.Nxe4 Bf5 14.Qc1 Bxe4 15.Bxe4 Rad8
16.Bc3 f5 17.Bg2 e4 18.Bxg7 Kxg7 19.g4 e3 20.gxf5 exf2+ 21.Rxf2 Qd4 22.e4 gxf5
23.Qg5+ Kh8 24.Rf1 Rg8 25.Qh5 Nc5 26.Kh1 Nxe4 27.Rxf5 Nd6 28.R5f2 Qg7 29.Qf3 Rd7
30.Qf6 Rf7 31.Qxg7+ Kxg7 32.Bh3 Rxf2 33.Rxf2 c5 34.Be6 Rf8 35.Rd2 Rd8 36.Bd5 b6
37.Kg2 Nf5 38.Kh3 Ne3 39.a4 Kf6 40.Rf2+ Ke5 41.Rf7 Nxd5 42.cxd5 Rxd5 43.Rxh7 Rd3+
44.Kg4 Rxb3 45.Rxa7 c4 46.a5 b5 47.a6 c3 48.Rc7 Kd4 49.a7 Ra3 50.h4 Kd3 51.h5 c2
52.Rd7+ Ke2 53.Rc7 Kd1 54.Rd7+ Kc1 55.Rb7 Kd2 56.Rd7+ Kc1 57.Rb7  1/2-1/2

[Event "WIM"]
[Site "Hammershoj, Jutland DEN"]
[Date "2000.02.13"]
[Round "2"]
[White "Guindy,E"]
[Black "Steffensen,E"]
[Result "1-0"]
[WhiteElo "2185"]
[BlackElo "2075"]

1.d4 Nf6 2.c4 g6 3.g3 Bg7 4.Bg2 O-O 5.Nf3 d6 6.O-O c6 7.Nc3 Nbd7 8.e4 e5
9.h3 Re8 10.Re1 a5 11.Be3 exd4 12.Nxd4 Nc5 13.Qc2 Qc7 14.Rad1 Be6 15.b3 Rad8
16.Rd2 Bc8 17.Rde2 Re7 18.f4 Rde8 19.Bf2 Nh5 20.Qd2 f5 21.exf5 gxf5 22.Ndb5 cxb5
23.Nxb5 Qd8 24.Rxe7 Rxe7 25.Rxe7 Qxe7 26.Qxd6 Qxd6 27.Nxd6 Nd3 28.Bd5+ Kf8
29.Nxc8 Nxf2 30.Kxf2 Bd4+ 31.Kf3 b6 32.Nd6 Ng7 33.g4 Ke7 34.Nf7 fxg4+ 35.hxg4 h5
36.g5 Nf5 37.Ke4  1-0